000 00421nam a22001577a 4500
005 20180201121019.0
008 160427b xxu||||| |||| 00| 0 eng d
020 _aN/A
041 _aeng
082 _b00390
_a004
100 _aSyed, Shakil Ahmed and raheja rajiv
_94036
245 _aA Guide to Information Technology (Cyber Laws & E-commerce)
260 _aDelhi
_bCapital Law House
_c2001
300 _a346
942 _cBK
999 _c122
_d122